Statistics for German States by Flag

Click here to take the quiz!

General Stats

  • This quiz has been taken 24 times
  • The average score is 9 of 16

Answer Stats

Answer % Correct
Bayern
100%
Berlin
85%
Hamburg
70%
Sachsen
65%
Brandenburg
60%
Bremen
55%
Nordrhein-Westfalen
55%
Sachsen-Anhalt
55%
Baden-W├╝rttemberg
55%
das Saarland
55%
Th├╝ringen
50%
Hessen
50%
Schleswig-Holstein
50%
Mecklenburg-Vorpommern
50%
Niedersachsen
50%
Rheinland-Pfalz
40%

Score Distribution

Percentile by Number Answered

Percent of People with Each Score

Your Score History

You have not taken this quiz